000 01733nam a2200313 4500
001 0000024003
003 CO-CtgCURN
005 20250502184350.0
007 ta
008 160627s2011 000 0 eng d
020 _a9789587630176
040 _aCO-CtgCURN
_bspa
_ccoctgcurn
082 0 _a307.1416
_bU84
100 1 _aUseche Aldana, oscar.
245 1 0 _aBiodesarrollo y economia campesina :
_baportes para el estudio de la agroindustria panelera en Colombia /
_cOscar Useche Aldana , fotografo, Beatriz Nuñez Arce.
260 _a[Bogotá] :
_bCorporación Universitaria Minuto de Dios,
_c2011.
300 _a254 p.
336 _2rdacontent
337 _2rdamedia
_asin mediacion
_bn
338 _2rdacarrier
_avolumen
_bnc
504 _aIncluye bibliografia p. (244-254)
505 8 _aProblemas del biodesarrollo -- Los nuevos problemas de la economia campesina en los contextos de la globalizacion y el libre comercio -- Distintas dimensiones de la Colombia panelera -- Dos casos regionales de producción panelera en un contexto de economia campesina -- Empobrecimiento y equidad, retos para el desarrollo de la economia campesina panelera -- La panela como parte de los circuitos agroalimentarios regionales -- Guerra, resistencia y organizacion: los campesinos paneleros ante estos problemas -- Resistencia social y organizacion del campesinado
650 1 4 _aIndustria panelera
_xAspectos economicos
_ySiglo XXI
_zColombia.
650 1 4 _aCampesinos
_xAspectos economicos
_ySiglo XXI
_zColombia.
650 1 4 _aDesarrollo sostenible
_xAspectos economicos
_ySiglo XXI
_zColombia.
908 _a160627
942 _cBK
_h307.1416
_iU84
_2ddc
_n0
999 _c2382
_d2382